One Subcategory in 15 Categories - Food Quiz Stats

 Plays Quiz Updated Apr 4, 2019

Score 0/15 Timer 05:00
3 Plays Today
Question Answer Wrong Answers
TELEVISION: What chef created the TV show 'Hell's Kitchen'? Gordon Ramsay
95.5%
Jamie Oliver
1.7%
Guy Fieri
1.9%
Joël Robuchon
0.4%
SPORTS: Which snack is particularly associated with the Wimbledon Championships? Strawberries and Cream
89.3%
Pineapple and Cream
1.9%
Pears and Cream
4%
Cherries and Cream
4.6%
SCIENCE: The chemical formula NaCl represents which edible compound? Table Salt
88.9%
Glucose
3.3%
Fructose
2.5%
Lactose
2.2%
HISTORY: To which person is the phrase 'Let them eat cake' usually attributed? Marie Antoinette
87.8%
Catherine the Great
4.5%
Anne Boleyn
3.9%
Isabella I of Castile
1.1%
HOLIDAY: Which holiday is usually associated with apple bobbing? Halloween
86%
Thanksgiving
7.5%
Valentine's Day
0.9%
Easter
1.9%
JUST FOR FUN: Which of these is not an anagram of a fruit? bandana
79.2%
pager
8%
melon
6%
mile
5.3%
ENTERTAINMENT: What musical does the song 'Food, Glorious Food' originate from? Oliver!
75.8%
Annie
10.7%
Hello, Dolly!
7.1%
Mame
2.9%
MISCELLANEOUS: Which is not a common ingredient to make mayonnaise? Milk
74.8%
Oil
4.4%
Egg yolk
2.4%
Vinegar
16.7%
LITERATURE: Who wrote 'Mastering the Art of French Cooking'? Julia Child
72%
Nigella Lawson
4.9%
Paul Bocuse
6.1%
Auguste Escoffier
14.1%
GAMING: Which of these is one of the resources in board game 'Catan'? Grain
71.5%
Fruit
8.6%
Dairy
8.4%
Vegetables
8.2%
RELIGION: Which of these food items is not mentioned in the Bible? Potatoes
59.6%
Pomegranates
16%
Figs
2.1%
Eggs
18.7%
MUSIC: What is the name of a synth-pop instrumental by Hot Butter that was a number one hit in several countries in the 1970s? Popcorn
54.8%
Cotton Candy
20.9%
Marshmallow
12.6%
Jelly Beans
10.4%
GEOGRAPHY: Which city has a skyscraper nicknamed 'The Gherkin'? London
53.7%
Chicago
10.3%
Toronto
13%
Melbourne
22.5%
LANGUAGE: What is not a non-English word for breakfast? Cena
43.7%
Frühstück
11.7%
Petit déjeuner
13.9%
Colazione
27.7%
MOVIES: From which country is the Best Foreign Language Film Oscar winner 'Babette's Feast', about a woman preparing a luxurious dinner for her sisters and their congregation? Denmark
26.4%
Switzerland
14.2%
Belgium
36.5%
Poland
20.5%

You're not logged in!

Compare scores with friends on all Sporcle quizzes.
OR
Log In

Sporcle TV

Today on Sporcle TV


Watch our educational content, quiz creation guides, and fun videos on Sporcle TV.

Show Comments

Extras

Top Quizzes Today


Score Distribution

Your Account Isn't Verified!

In order to create a playlist on Sporcle, you need to verify the email address you used during registration. Go to your Sporcle Settings to finish the process.

Report this User

Report this user for behavior that violates our Community Guidelines.

Details: